[Event "Challenge"]
[Site "http://www.queenalice.com/game.php?id=1851751"]
[Date "2025.2.8"]
[Round "-"]
[White "crisvolei"]
[Black "Leanne"]
[Result "1-0"]
[WhiteElo "1623"]
[BlackElo "1282"]

1. e4 e5 2. Nf3 f5 3. Nxe5 Qf6 4. Qh5+ g6 5. Nxg6 hxg6 6. Qe2 Nc6 7. c3 Nge7 8.
d4 d6 9. d5 Ne5 10. h4 Bd7 11. Bg5 Qf7 12. f4 Ng4 13. Nd2 O-O-O 14. O-O-O b6 15.
Nb3 fxe4 16. Qa6+ Kb8 17. Rd2 Bc8 18. Qa4 e3 19. Rc2 Bh6 20. g3 Rdf8 21. Nd4
Nxd5 22. Bc4 Bxg5 23. Nc6+ Ka8 24. Qxa7# 1-0

[Event "Challenge"]
[Site "http://www.queenalice.com/game.php?id=1851867"]
[Date "2025.2.10"]
[Round "-"]
[White "Givanildo"]
[Black "crisvolei"]
[Result "1-0"]
[WhiteElo "1735"]
[BlackElo "1648"]

1. d4 e5 2. dxe5 Qe7 3. Nf3 f6 4. Bf4 Qb4+ 5. Nbd2 Qxb2 6. exf6 Nxf6 7. h3 Bb4
8. Rb1 Bxd2+ 9. Nxd2 Qxa2 10. e3 Nc6 11. Bc4 Qa5 12. O-O d5 13. Nb3 Qb4 14. Bd3
O-O 15. Nd4 Nxd4 16. Rxb4 Nxc2 17. Qxc2 a5 18. Ra1 b6 19. Rb2 c5 20. Rxb6 c4 21.
Rxf6 Rxf6 22. Bxh7+ Kh8 23. g3 Bxh3 24. Bg5 Rb6 25. Bg6 a4 26. Rxa4 Rc8 27. f4
Rb3 28. Qh2 Kg8 29. Qxh3 Rxe3 30. Qxc8+ 1-0

[Event "Challenge"]
[Site "http://www.queenalice.com/game.php?id=1851868"]
[Date "2025.2.10"]
[Round "-"]
[White "crisvolei"]
[Black "Givanildo"]
[Result "1-0"]
[WhiteElo "1655"]
[BlackElo "1749"]

1. e4 d5 2. Qf3 dxe4 3. Qxe4 Nf6 4. Qa4+ c6 5. Nc3 e5 6. Bc4 Be7 7. d3 O-O 8.
Nf3 h6 9. Ne4 Nxe4 10. dxe4 Na6 11. Bxa6 bxa6 12. Qxc6 Bd7 13. Qxa6 Rb8 14. Qxa7
f6 15. Bxh6 gxh6 16. Nh4 Be8 17. Rd1 Bd6 18. Nf5 Bb4+ 19. c3 Bxc3+ 20. bxc3
Qxd1+ 21. Kxd1 Rd8+ 22. Kc1 Rd7 23. Qc5 Rh7 24. Qd5+ Kh8 25. Qd6 Rff7 26. Qd8
Rf8 27. Rd1 Rhf7 28. Nxh6 Rg7 29. g4 Rxg4 30. Nxg4 Kg7 31. Qe7+ Bf7 32. Qxf6+
Kg8 33. Nh6+ Kh7 34. Nxf7 Rxf7 35. Qxf7+ Kh6 36. Rd6+ Kg5 37. Rg6+ Kh4 38. Qh7#
1-0

[Event "Challenge"]
[Site "http://www.queenalice.com/game.php?id=1852064"]
[Date "2025.2.12"]
[Round "-"]
[White "crisvolei"]
[Black "Mr_SPOCK"]
[Result "1-0"]
[WhiteElo "1633"]
[BlackElo "1714"]

1. e4 e5 2. d4 Nc6 3. d5 Nd4 4. c3 Nf6 5. cxd4 Bb4+ 6. Bd2 Bd6 7. Nf3 O-O 8.
dxe5 Nxe4 9. exd6 Nxd6 10. Qc2 Re8+ 11. Be3 c6 12. Ng5 Qxg5 13. Bd3 cxd5 14.
Bxh7+ Kf8 15. O-O Qh5 16. Nc3 g6 17. Rad1 Qxh7 18. Nxd5 Kg7 19. Nc7 Rh8 20. Bd4+
f6 21. h3 Nf7 22. Nxa8 Ng5 23. Qc3 Ne4 24. Bxf6+ Nxf6 25. Nc7 b5 26. Nd5 Rf8 27.
Nxf6 Rxf6 28. Qxc8 Kh6 29. Qc1+ g5 30. g4 d6 31. h4 Rg6 32. h5 Rf6 33. Qc6 Qe7
34. Rfe1 Qd8 35. Re5 Rxf2 36. Rxd6+ Rf6 37. Rxf6+ Kg7 38. Rg6+ Kf7 39. Rf5+ Ke7
40. Qe6# 1-0

[Event "Challenge"]
[Site "http://www.queenalice.com/game.php?id=1852112"]
[Date "2025.2.14"]
[Round "-"]
[White "tche_elvio"]
[Black "crisvolei"]
[Result "0-1"]
[WhiteElo "1526"]
[BlackElo "1652"]

1. e4 e5 2. Nf3 Qf6 3. Be2 Bc5 4. O-O Nh6 5. h3 g5 6. g4 d5 7. d4 exd4 8. a3
dxe4 9. Bxg5 Qg6 10. Nxd4 Qxg5 11. c3 Nc6 12. b4 Bd6 13. Nxc6 bxc6 14. Nd2 Qf4
0-1

[Event "Challenge"]
[Site "http://www.queenalice.com/game.php?id=1852113"]
[Date "2025.2.14"]
[Round "-"]
[White "crisvolei"]
[Black "tche_elvio"]
[Result "1-0"]
[WhiteElo "1675"]
[BlackElo "1499"]

1. e4 c5 2. Bc4 e6 3. e5 Nc6 4. Qf3 Nxe5 5. Qf4 Nxc4 6. Qxc4 d6 7. d4 g6 8. dxc5
Bg7 9. Nf3 d5 10. Qa4+ Bd7 11. c6 Bxc6 12. Qb3 Ne7 13. Bf4 O-O 14. Ne5 Qa5+ 15.
c3 Nf5 16. Nxc6 Qb6 17. Nb4 d4 18. Nd2 dxc3 19. bxc3 a5 20. Nc4 Qb5 21. Nd6 a4
22. Qa3 Nxd6 23. Bxd6 Rfc8 24. Rc1 Bxc3+ 25. Rxc3 Rxc3 26. Qxc3 Qd7 27. Bf4 Rc8
28. Qb2 b5 29. O-O f5 30. Bh6 Qc7 31. Nd3 Kf7 32. Qg7+ Ke8 33. Qh8+ Kd7 34.
Qxh7+ Kc6 35. Rc1+ Kb7 36. Rxc7+ Rxc7 37. Qxg6 Rc6 38. Qf7+ Kb6 39. Be3+ Ka5 40.
Qa7+ Ra6 41. Bb6# 1-0

[Event "Challenge"]
[Site "http://www.queenalice.com/game.php?id=1852128"]
[Date "2025.2.14"]
[Round "-"]
[White "Mr_SPOCK"]
[Black "crisvolei"]
[Result "0-1"]
[WhiteElo "1779"]
[BlackElo "1610"]

1. e4 e5 2. Qh5 Qf6 3. Nc3 g6 4. Qh3 Nc6 5. Nd5 Qd6 6. d3 Nd4 7. Kd1 Qc6 8. c3
Qa4+ 9. b3 Nxb3 10. axb3 Qxb3+ 11. Ke2 Bd6 12. Kf3 c6 13. Ra3 Qd1+ 14. Be2 Qxc1
15. g3 cxd5 16. exd5 Bxa3 17. c4 d6 18. Qg2 h5 19. h3 h4 20. Bd1 Qxd1+ 21. Ne2
Qxd3# 0-1

[Event "Challenge"]
[Site "http://www.queenalice.com/game.php?id=1852457"]
[Date "2025.2.20"]
[Round "-"]
[White "Mr_SPOCK"]
[Black "crisvolei"]
[Result "1-0"]
[WhiteElo "1695"]
[BlackElo "1663"]

1. e4 e5 2. Qh5 Qf6 3. Nc3 g6 4. Qh3 Na6 5. Nd5 Qc6 6. Nc3 d5 7. Qg3 dxe4 8. Bb5
Bd7 9. Bxc6 bxc6 10. Qxe5+ Be7 11. Qxh8 O-O-O 12. Qe5 Nb4 13. Qxe4 Bf5 14. Qc4
Nxc2+ 15. Ke2 Nxa1 16. Qxc6 Bd3+ 17. Kf3 f5 18. Nd5 Nc2 19. Qxc7# 1-0

[Event "Challenge"]
[Site "http://www.queenalice.com/game.php?id=1852622"]
[Date "2025.2.22"]
[Round "-"]
[White "crisvolei"]
[Black "Mr_SPOCK"]
[Result "1-0"]
[WhiteElo "1635"]
[BlackElo "1735"]

1. e4 e5 2. f4 exf4 3. Qg4 g5 4. Nf3 Nf6 5. Qxg5 Bd6 6. Qg7 Rg8 7. Qh6 Qe7 8. d3
Rg6 9. Qh4 Rg4 10. Qh3 h5 11. Be2 Qf8 12. e5 Bxe5 13. Nxe5 d6 14. Nxg4 Bxg4 15.
Bxg4 hxg4 16. Qh4 Qe7+ 17. Kd1 d5 18. Re1 Ne4 19. Qh8+ Kd7 20. Bxf4 f6 21. c4
Kc6 22. cxd5+ Kc5 23. Rxe4 Qf7 24. Nc3 b5 25. b4+ Kb6 26. Qc8 a6 27. Be3+ c5 28.
Bxc5# 1-0

[Event "Challenge"]
[Site "http://www.queenalice.com/game.php?id=1852844"]
[Date "2025.2.24"]
[Round "-"]
[White "Mr_SPOCK"]
[Black "crisvolei"]
[Result "1-0"]
[WhiteElo "1712"]
[BlackElo "1695"]

1. e4 e5 2. Qh5 Qf6 3. Nc3 g6 4. Qh3 Nc6 5. Nd5 Qd6 6. Bc4 Nd4 7. Qc3 a6 8. a4
Qc6 9. b3 a5 10. Nf3 Bb4 11. Nxb4 axb4 12. Qd3 d6 13. O-O Nf6 14. Bb5 Nxb5 15.
axb5 Qxe4 16. Qxe4 Nxe4 17. Rxa8 O-O 18. d3 Nc3 19. Bd2 Ne2+ 20. Kh1 f5 21. Bh6
Re8 22. Ra4 b6 23. Rxb4 f4 24. Re1 Nc3 25. d4 Nd5 26. Rc4 c5 27. dxc5 bxc5 28.
g3 Bg4 29. Nh4 Kf7 30. f3 Ne3 31. Rc3 Be6 32. gxf4 Nf5 33. fxe5 d5 34. Bg5 Nxh4
35. Bxh4 d4 36. Rxc5 d3 37. Rc7+ Kg8 38. b6 Bd5 39. Kg2 d2 40. Rd1 Rf8 41. Bf6
h5 42. Rg7+ Kh8 43. Rd7+ Kg8 44. Rxd5 Kf7 45. R1xd2 Ke6 46. c4 Kf5 47. h4 Kf4
48. Rd8 Rf7 49. Bg5+ Kf5 50. f4 Kg4 51. R2d7 Rxd7 52. Rxd7 Kf5 53. b7 1-0

[Event "Challenge"]
[Site "http://www.queenalice.com/game.php?id=1853475"]
[Date "2025.3.7"]
[Round "-"]
[White "crisvolei"]
[Black "Mr_SPOCK"]
[Result "1-0"]
[WhiteElo "1598"]
[BlackElo "1738"]

1. e4 e5 2. Qf3 Nf6 3. Bc4 Bc5 4. c3 d5 5. d4 dxe4 6. Qg3 Ng4 7. dxc5 Qf6 8. f4
exf3 9. Nxf3 O-O 10. Bg5 Qc6 11. b4 b5 12. Bb3 Qe4+ 13. Kd1 h6 14. Re1 Qf5 15.
Bc2 Qd7+ 16. Bd2 Re8 17. Be4 c6 18. h3 h5 19. Ng5 g6 20. Rf1 f5 21. hxg4 fxe4
22. gxh5 Rd8 23. Nxe4 Qg4+ 24. Qxg4 Bxg4+ 25. Kc1 Bxh5 26. Nf6+ Kg7 27. Nxh5+
gxh5 28. Bg5 Rf8 29. Rf3 Nd7 30. Nd2 Kg6 31. Be7 Rxf3 32. Nxf3 Re8 33. Bd6 e4
34. Nh4+ Kg5 35. g3 e3 36. Nf3+ Kg4 37. Nd4 Nf6 38. Nxc6 Ne4 39. Bf4 e2 40. Ne5+
Kf5 41. Kc2 Rd8 42. Re1 Nf6 43. Nc6 Rg8 44. Rxe2 a6 45. Nd4+ Kg4 46. Re6 Nh7 47.
Rxa6 h4 48. c6 h3 49. c7 h2 50. Rh6 Rc8 51. Rh4# 1-0

[Event "Challenge"]
[Site "http://www.queenalice.com/game.php?id=1853840"]
[Date "2025.3.13"]
[Round "-"]
[White "crisvolei"]
[Black "tche_elvio"]
[Result "0-1"]
[WhiteElo "1662"]
[BlackElo "1434"]

1. e4 c5 2. Bc4 e6 3. Nc3 d6 4. d3 h6 5. Nf3 Be7 6. h4 a6 7. a4 Nf6 8. O-O O-O
9. e5 dxe5 10. Nxe5 b6 11. d4 Qxd4 12. Qe2 Bb7 13. Ng6 fxg6 14. Bxe6+ Kh7 15. h5
Nxh5 16. Be3 Qe5 17. Qc4 Nc6 18. Rae1 Bd6 19. Bxh6 Qh2# 0-1

[Event "Challenge"]
[Site "http://www.queenalice.com/game.php?id=1853844"]
[Date "2025.3.14"]
[Round "-"]
[White "Leanne"]
[Black "crisvolei"]
[Result "0-1"]
[WhiteElo "1320"]
[BlackElo "1660"]

1. c4 d5 2. d4 dxc4 3. e3 b5 4. Nc3 c6 5. g3 Nf6 6. Bg2 b4 7. Ne4 Qd5 8. Nh3
Nxe4 9. O-O e5 10. Bxe4 Qxe4 11. dxe5 Bxh3 12. f3 Qg6 13. Re1 Nd7 14. f4 Qe4 15.
Qe2 O-O-O 16. a3 b3 17. Bd2 Nc5 18. Bc3 Nd3 19. Red1 Be7 20. Bb4 c5 21. Bc3 h5
22. e6 Bg4 23. Qf1 Bxd1 0-1

[Event "Challenge"]
[Site "http://www.queenalice.com/game.php?id=1853848"]
[Date "2025.3.14"]
[Round "-"]
[White "crisvolei"]
[Black "zmanomega"]
[Result "0-1"]
[WhiteElo "1674"]
[BlackElo "1716"]

1. e4 e5 2. Qf3 f6 3. Nc3 Bc5 4. Bc4 Nh6 5. Nge2 d6 6. a3 g6 7. b4 Bg4 8. Qd3
Bb6 9. Nd5 f5 10. f3 fxe4 11. Qxe4 Bf5 12. Nf6+ Qxf6 13. Qxb7 Kd7 14. Qxa8 Nc6
15. Qxh8 Qxh8 16. g4 Bxc2 17. h4 e4 18. g5 Qxa1 19. gxh6 exf3 20. Ng3 Qxc1# 0-1

[Event "Challenge"]
[Site "http://www.queenalice.com/game.php?id=1853849"]
[Date "2025.3.14"]
[Round "-"]
[White "zmanomega"]
[Black "crisvolei"]
[Result "1-0"]
[WhiteElo "1690"]
[BlackElo "1620"]

1. d4 Nc6 2. e3 d5 3. Bd2 e5 4. dxe5 Nxe5 5. Nc3 d4 6. Ne4 f5 7. Nf3 fxe4 8.
Nxe5 d3 9. cxd3 Qg5 10. Qa4+ c6 11. Qxe4 Nf6 12. Qd4 Nd5 13. e4 Nf4 14. O-O-O b6
15. Nxc6 Ne6 16. Qa4 b5 17. Bxg5 bxa4 18. a3 Nd4 19. Nxd4 Bc5 20. Be3 Bd7 21. f4
Bg4 22. Rd2 Rc8 23. Kb1 Bxd4 24. Bxd4 Rf8 25. f5 Rf7 26. h3 Bh5 27. g4 g6 28.
gxh5 gxf5 29. e5 f4 30. Rg1 Kd7 31. Re2 f3 32. Rc2 Rxc2 33. Kxc2 Ke6 34. Rg8
Rc7+ 35. Bc3 Kf7 36. Rg4 Rc6 37. Rf4+ Ke6 38. Rxf3 Kd5 39. Bg2 Kc5 40. Rf6 Rc7
41. d4+ Kb5 42. Bf1+ 1-0

[Event "Challenge"]
[Site "http://www.queenalice.com/game.php?id=1853919"]
[Date "2025.3.15"]
[Round "-"]
[White "tche_elvio"]
[Black "crisvolei"]
[Result "0-1"]
[WhiteElo "1505"]
[BlackElo "1583"]

1. e4 e5 2. g3 Bc5 3. Bg2 Qf6 4. Qf3 Qg5 5. Nh3 Qg6 6. O-O Nf6 7. d3 Nc6 8. a3
a5 9. c3 b5 10. Bd2 a4 11. Be3 Bxe3 12. Qxe3 O-O 13. Nd2 h6 14. b4 axb3 15. Nxb3
b4 16. axb4 Bb7 17. Rxa8 Rxa8 18. Nc5 Bc8 19. Nb3 Ng4 20. Qd2 d6 21. Qe2 Be6 22.
f3 Bxb3 23. fxg4 Ra2 24. Qf3 f6 25. Nf2 Qf7 26. h3 Rd2 27. Qe3 Rc2 28. Rc1 g5
29. Rxc2 Bxc2 30. Kh2 Qb3 31. Qd2 Qb1 32. d4 exd4 33. e5 dxe5 34. Bxc6 d3 35.
Nxd3 Bxd3 36. Bd5+ Kf8 37. Qa2 Qf1 38. Qa8+ Ke7 39. Qc6 Qf2+ 40. Bg2 Bf1 41.
Qc5+ Qxc5 42. bxc5 Bc4 43. h4 gxh4 44. gxh4 Ke6 45. Kg3 Bd5 46. Bxd5+ Kxd5 47.
Kf3 Kxc5 48. Ke4 Kc4 49. g5 hxg5 50. hxg5 fxg5 51. Kxe5 g4 0-1

[Event "Challenge"]
[Site "http://www.queenalice.com/game.php?id=1854373"]
[Date "2025.3.23"]
[Round "-"]
[White "Mr_SPOCK"]
[Black "crisvolei"]
[Result "1-0"]
[WhiteElo "1717"]
[BlackElo "1607"]

1. e4 e5 2. Qh5 Qf6 3. Nc3 c6 4. Bc4 g6 5. Qh3 b5 6. Bb3 a5 7. d3 a4 8. Nf3 axb3
9. cxb3 Na6 10. Bg5 Qd6 11. O-O-O Nb4 12. d4 Nxa2+ 13. Nxa2 Rxa2 14. Kc2 Qb4 15.
Bd2 Qa3 16. Rb1 Bb4 17. Bc1 Nf6 18. Qh4 Nh5 19. Nxe5 f6 20. Nd3 Ba5 21. g4 Bb6
22. gxh5 g5 23. Qg4 O-O 24. e5 d5 25. e6 Re8 26. Re1 Ba5 27. Re3 Bxe6 28. Rxe6
Rxe6 29. Qxe6+ Kg7 30. h6+ Kg6 31. Ne5+ Kh5 32. Qh3# 1-0

[Event "Challenge"]
[Site "http://www.queenalice.com/game.php?id=1854479"]
[Date "2025.3.25"]
[Round "-"]
[White "Leanne"]
[Black "crisvolei"]
[Result "0-1"]
[WhiteElo "1347"]
[BlackElo "1592"]

1. e4 e5 2. d4 Qf6 3. Nf3 exd4 4. Bg5 Qb6 5. Be2 Bb4+ 6. Bd2 Bxd2+ 7. Qxd2 Qxb2
8. Qxd4 Qxd4 9. Nxd4 d5 10. Bf3 Nf6 11. exd5 Bd7 12. c4 Na6 13. Nd2 Nb4 14. O-O
Nd3 15. d6 c6 16. Ne4 Nxe4 17. Bxe4 Ne5 18. Nf5 O-O 19. Ne7+ Kh8 20. Bf5 Bxf5
21. Nxf5 Nxc4 22. d7 Rad8 23. Rad1 f6 24. Ne3 Ne5 25. f4 Nxd7 26. g4 Rfe8 27.
Nf5 g6 28. Nh6 Kg7 29. f5 g5 30. Rf3 Ne5 31. Rxd8 Nxf3+ 32. Kg2 Rxd8 0-1

[Event "Challenge"]
[Site "http://www.queenalice.com/game.php?id=1854480"]
[Date "2025.3.25"]
[Round "-"]
[White "crisvolei"]
[Black "Leanne"]
[Result "0-1"]
[WhiteElo "1634"]
[BlackElo "1318"]

1. e4 e6 2. f4 d5 3. Qf3 Nf6 4. exd5 exd5 5. d4 Be7 6. h4 Bg4 7. Qb3 O-O 8. Qxb7
Nbd7 9. Qc6 Bb4+ 10. c3 Qe8+ 11. Be2 Bxe2 12. Nxe2 Bd6 13. b4 Qe4 14. Nd2 Qe6
15. Rf1 Rae8 16. Rf2 Ng4 17. f5 Qe7 18. f6 Ndxf6 19. Qb5 Nxf2 20. Kxf2 Ng4+ 21.
Kf3 f5 22. g3 Qe3+ 23. Kg2 Qf2+ 24. Kh3 Qh2# 0-1

[Event "Challenge"]
[Site "http://www.queenalice.com/game.php?id=1854728"]
[Date "2025.3.29"]
[Round "-"]
[White "crisvolei"]
[Black "Mr_SPOCK"]
[Result "0-1"]
[WhiteElo "1595"]
[BlackElo "1700"]

1. e4 e5 2. Bc4 Nf6 3. Qf3 Nc6 4. c3 Bc5 5. Nh3 d5 6. exd5 e4 7. Qf4 Ne7 8. Ng5
O-O 9. d6 Bxd6 10. Bxf7+ Rxf7 11. Nxf7 Kxf7 12. Qg5 h6 13. Qh4 Ng6 14. Qxf6+
Qxf6 15. g3 Bh3 16. d4 exd3 17. Be3 Re8 18. Nd2 Ne5 19. O-O-O a5 20. a4 Bg2 21.
Rhg1 Bc6 22. Bf4 Bxa4 23. b3 Ba3+ 24. Kb1 Bxb3 25. Nxb3 a4 26. Nd4 Qb6+ 27. Ka2
Qb2# 0-1